[Event "XVIII Orsha IM 2020"]
[Site "Orsha"]
[Date "2020.01.24"]
[Round "9.2"]
[White "Tsaruk, Maksim"]
[Black "Makoveev, Ilya"]
[Result "*"]
[WhiteElo "2316"]
[BlackElo "2277"]
[Annotator "RC"]
[PlyCount "64"]
[EventDate "2020.01.18"]
[EventType "tourn"]
[EventCountry "BLR"]
[SourceTitle "playchess.com"]
[Source "ChessBase"]
[SourceQuality "1"]
[TimeControl "5400+30"]

1. d4 {[%emt 0:00:00]} Nf6 {[%emt 0:00:20]} 2. c4 {[%emt 0:00:00]} e6 {[%emt 0:01:40]} 3. g3 {[%emt 0:00:00]} c5 {[%emt 0:02:40]} 4. d5 {[%emt 0:00:12]} exd5 {[%emt 0:00:10]} 5. cxd5 {[%emt 0:00:05]} b5 {[%emt 0:00:10]} 6. e4 {[%emt 0:00:10]} Nxe4 {[%emt 0:00:05]} 7. Qe2 {[%emt 0:00:07]} Qe7 {[%emt 0:00:03]} 8. Bg2 {[%emt 0:00:07]} Nd6 {[%emt 0:16:18]} 9. Be3 {[%emt 0:00:37]} Na6 {[%emt 0:09:04]} 10. Nc3 {[%emt 0:00:24]} b4 {[%emt 0:02:29]} 11. Na4 {[%emt 0:00:05]} g6 {[%emt 0:00:59]} 12. O-O-O {[%emt 0:00:35]} Bg7 {[%emt 0:20:10]} 13. Nxc5 {[%emt 0:00:57]} O-O {[%emt 0:04:42]} 14. Nxa6 {[%emt 0:00:10]} Bxa6 {[%emt 0:00:06]} 15. Qxa6 {[%emt 0:00:05]} Nc4 {[%emt 0:38:34]} 16. d6 {[%emt 1:03:47]} Bxb2+ {[%emt 0:00:00]} 17. Kc2 {[%emt 0:05:48]} Qe5 {[%emt 0:00:00]} 18. Rd5 {[%emt 0:01:29]} Nxe3+ {[%emt 0:00:00]} 19. fxe3 {[%emt 0:00:05]} Rac8+ {[%emt 0:00:00]} 20. Kd2 {[%emt 0:03:45]} Bc1+ {[%emt 0:00:00]} 21. Kd1 {[%emt 0:01:03]} Qa1 {[%emt 0:00:00]} 22. Nf3 {[%emt 0:06:26]} Bxe3+ {[%emt 0:00:00]} 23. Ke2 {[%emt 0:00:04]} Qb2+ {[%emt 0:00:00]} 24. Kxe3 {[%emt 0:01:05]} Rfe8+ {[%emt 0:00:00]} 25. Ne5 {[%emt 0:01:42]} Rxe5+ {[%emt 0:00:00]} 26. Kf4 {[%emt 0:02:46]} Qf2+ {[%emt 0:00:00]} 27. Bf3 {[%emt 0:00:10]} Qe3+ {[%emt 0:01:00]} 28. Kg4 {[%emt 0:00:05]} Qg5+ {[%emt 0:00:03]} 29. Kh3 {[%emt 0:00:07]} Qh6+ {[%emt 0:00:02]} 30. Kg2 {[%emt 0:13:04]} Rc2+ {[%emt 0:00:03]} 31. Kf1 {[%emt 0:00:08]} Qh3+ {[%emt 0:00:09]} 32. Kg1 {[%emt 0:00:08]} Re1+ {[%emt 0:00:03]} *

[Event "XVIII Orsha IM 2020"]
[Site "Orsha"]
[Date "2020.01.24"]
[Round "9.3"]
[White "Markelova, Lubov"]
[Black "Kononenko, Dmitry"]
[Result "0-1"]
[WhiteElo "2200"]
[BlackElo "2613"]
[Annotator "TA"]
[PlyCount "104"]
[EventDate "2020.01.18"]
[EventType "tourn"]
[EventCountry "BLR"]
[SourceTitle "playchess.com"]
[Source "ChessBase"]
[SourceQuality "1"]

{[%evp 11,104,11,31,12,28,30,47,15,19,22,0,7,14,0,0,0,0,0,0,0,0,0,0,0,0,0,0,-14,21,0,17,6,60,-56,-71,-81,-68,-84,-81,-85,-84,-147,-141,-147,-154,-149,-162,-263,-259,-306,-298,-386,-314,-387,-371,-367,-354,-458,-458,-458,-440,-458,-457,-445,-456,-456,-456,-450,-444,-441,-439,-422,-420,-602,-604,-561,-575,-565,-555,-558,-514,-1064,-1015,-972,-904,-29967,-29969,-29968,-29971,-29971,-29970,-29971,-29972,-29968,-29973]} 1. Nf3 c5 2. c4 g6 3. Nc3 Bg7 4. g3 Nc6 5. Bg2 d6 6. O-O Bd7 7. b3 {A37: Symmetrical English vs ...g6: 4 Bg2 Bg7 5 Nf3} (7. a3 Nf6 8. Rb1 a5 9. d3 O-O 10. Bd2 Qc8 11. Re1 Bh3 12. Bh1 Qf5 13. Ng5 Bg4 14. f3 Bh5 15. Bg2 h6 16. Bh3 Qe5 17. Bf4 Qxf4 18. gxf4 hxg5 19. fxg5 {1-0 (37) Petrosian,T (2651)-Hovhannisyan,R (2591) Yerevan 2014}) 7... Qc8 8. Bb2 Bh3 9. Rb1 $146 {White is slightly better.} ({Predecessor:} 9. e3 Bxg2 10. Kxg2 h5 11. h4 Qg4 12. d4 cxd4 13. Nd5 Rc8 14. exd4 {1-0 (33) Konopka,M (2425)-Gross,S (2330) Ceske Budejovice 1993}) 9... h5 10. Nd5 Kf8 11. Bxh3 Qxh3 12. d4 cxd4 13. Nxd4 Nxd4 14. Bxd4 h4 15. Bxg7+ Kxg7 16. Qd4+ e5 $1 17. Qc3 Nh6 $40 {[%mdl 128] [#] ( -> ...Ng4). White needs to defend precisely.} 18. Nf4 Qd7 19. Ng2 Nf5 20. Rbd1 f6 21. Qd3 Qc6 (21... Rab8 $11) 22. Qd5 ({White should play} 22. e4 $14 h3 23. Ne3) 22... Nd4 $15 23. Rxd4 exd4 24. Qxd4 {[#]} hxg3 $1 25. fxg3 Qc5 26. e3 (26. Rd1 $142) 26... Qxd4 $17 27. exd4 {[%mdl 4096] Endgame KRR-KRN} Rae8 28. h4 Re4 29. d5 (29. Kf2 $142) 29... g5 $19 30. Kf2 Rhe8 ({Not} 30... gxh4 31. Nxh4 Rh5 32. Kg1 $17) 31. Re1 Rxe1 32. Nxe1 gxh4 33. gxh4 {KR-KN} Re4 34. Ng2 f5 35. Kf3 Kf6 36. Nf4 b6 37. h5 Kg5 38. Ne6+ Kxh5 39. Nc7 Re7 40. Nb5 Rd7 41. Kf4 Kg6 42. b4 (42. Nd4 $142) 42... a6 43. Nd4 Rc7 44. Nc6 Kf6 45. a4 Rh7 46. a5 (46. Ke3 $142 a5 47. bxa5 bxa5 48. Kd4) 46... bxa5 47. Nxa5 Rh3 48. b5 axb5 {Black mates.} 49. cxb5 Rh4+ 50. Ke3 Rb4 51. b6 Rxb6 52. Nc4 Ra6 {Accuracy: White = 33%, Black = 80%.} 0-1

[Event "XVIII Orsha IM 2020"]
[Site "Orsha"]
[Date "2020.01.24"]
[Round "9.5"]
[White "Alekseev, Vadim"]
[Black "Shkalov, Oleg"]
[Result "1-0"]
[WhiteElo "2354"]
[BlackElo "2151"]
[Annotator "TA"]
[PlyCount "73"]
[EventDate "2020.01.18"]
[EventType "tourn"]
[EventCountry "BLR"]
[SourceTitle "playchess.com"]
[Source "ChessBase"]
[SourceQuality "1"]

{[%evp 25,73,43,47,47,46,41,41,25,37,25,95,95,92,98,66,69,71,76,85,89,176,143,152,144,156,141,143,154,260,253,256,153,140,135,102,69,47,54,272,259,836,825,1170,1185,1153,1143,29989,29990,29990,29991]} 1. e4 e5 2. Nf3 Nc6 3. Bb5 a6 4. Ba4 Nf6 5. O-O Be7 6. Re1 b5 7. Bb3 d6 8. c3 O-O 9. h3 Nd7 10. d4 Bf6 11. a4 Rb8 12. axb5 axb5 13. d5 Ne7 14. Na3 {[#] C92: Closed Ruy Lopez: 9...Be6, Karpov and Flohr-Zaitsev Variations} Nb6 $146 ({Predecessor:} 14... g6 15. Nc2 Bg7 16. Nb4 Nc5 17. Be3 Nxb3 18. Qxb3 Bd7 19. Ra7 h6 20. c4 c5 21. dxc6 Nxc6 22. Nxc6 Bxc6 {½-½ (42) Mista,A (2588)-Piorun,K (2665) Czech Republic 2016}) 15. Qe2 Bd7 16. Bc2 {White is slightly better.} Na4 17. Bd3 {[%cal Rd3b5]} Nc5 (17... b4 $11) 18. Bxb5 $16 Bxb5 19. Nxb5 Nxe4 20. c4 Nc5 21. Be3 $36 {[%mdl 2048] Keeping Black busy.} e4 22. Nd2 Nd3 (22... Bxb2 $16 {is a better defense.} 23. Ra2 Nd3) 23. Nxe4 Nxe1 24. Nxf6+ gxf6 25. Rxe1 Ng6 26. Nd4 {[%mdl 1024] White has strong compensation.} Ra8 {[#]} (26... Qd7 $16) 27. Qf3 $1 $18 {And now Nc6 would win.} Kh8 28. Bh6 ({White should try} 28. Qf5 $18 {aiming for Nc6.} Kg7 29. Nc6) 28... Ne5 $16 29. Qf5 {Hoping for Rxe5.} Rg8 30. f4 Rg6 $1 {[%cal Rg6h6]} 31. fxe5 Rxh6 $2 (31... fxe5 $14 32. Nc6 (32. Qxf7 Rxh6 33. Ne6 Qf6 $15) 32... Qh4) 32. e6 $18 Qe8 $2 (32... fxe6 33. dxe6 (33. Nxe6 Qb8 $11) (33. Qxe6 Qg8 $11) 33... Qg8) 33. e7 Rb8 34. Nb5 Rb7 {[#]} 35. h4 $1 {[%mdl 512]} c6 (35... Rxh4 36. Qxf6+) 36. Nxd6 {[%mdl 64] Double Attack} Rxe7 37. Rxe7 {Accuracy: White = 71%, Black = 41%.} 1-0